Tenancy deposits (Record no. 118288)
[ view plain ]
| 000 -LEADER | |
|---|---|
| fixed length control field | 01878cam a2200253 4500 |
| 001 - CONTROL NUMBER | |
| control field | ABS68440 |
| 008 - FIXED-LENGTH DATA ELEMENTS--GENERAL INFORMATION | |
| fixed length control field | 041110n2004 000 0 eng u |
| 035 ## - SYSTEM CONTROL NUMBER | |
| System control number | (Sirsi) u127934 |
| 245 ## - TITLE STATEMENT | |
| Title | Tenancy deposits |
| 260 ## - PUBLICATION, DISTRIBUTION, ETC. | |
| Date of publication, distribution, etc. | 2004 |
| 490 ## - SERIES STATEMENT | |
| Series statement | Letting Update Journal |
| Volume/sequential designation | 12(3) October 2004,15-16(2) |
| 520 ## - SUMMARY, ETC. | |
| Summary, etc. | Analyses the latest government proposals for a tenancy deposit scheme in the Housing Bill 2003 ss201-04 (ss206-09 in Housing Bill as amended on report 20 October 2004) through which all rental deposits held in relation to private sector lettings would be protected and subject to regulation. Looks at the potential effects of the proposed scheme on the letting industry, how deposit disputes would be settled, who would pay the set-up and running costs of the new deposit-taking schemes, the procedures to be followed by landlords and agents and what actions tenants will be able to take against them if they do not comply with the new deposit-taking provisions. No timetable has yet been issued for the introduction of tenancy deposit regulations. Summarises the pros and cons for the letting industry of the deposit scheme proposals. The Housing Bill as amended on report 20 October 2004 is available at www.parliament.uk. |
| 590 ## - LOCAL NOTE (RLIN) | |
| Local note | ABS |
| 590 ## - LOCAL NOTE (RLIN) | |
| Local note | ABS |
| 650 ## - SUBJECT ADDED ENTRY--TOPICAL TERM | |
| Topical term or geographic name entry element | S21 NOTICES |
| 650 ## - SUBJECT ADDED ENTRY--TOPICAL TERM | |
| Topical term or geographic name entry element | HOUSING BILL 2003 SS206-209 |
| 650 ## - SUBJECT ADDED ENTRY--TOPICAL TERM | |
| Topical term or geographic name entry element | LETTINGS MARKET |
| 650 ## - SUBJECT ADDED ENTRY--TOPICAL TERM | |
| Topical term or geographic name entry element | TENANCY DEPOSIT SCHEME (TDS) |
| 650 ## - SUBJECT ADDED ENTRY--TOPICAL TERM | |
| Topical term or geographic name entry element | TENANCY DEPOSITS |
| 690 ## - LOCAL SUBJECT ADDED ENTRY--TOPICAL TERM (OCLC, RLIN) | |
| Topical term or geographic name as entry element | HOUSING-PRIVATE RENTED SECTOR |
| 856 ## - ELECTRONIC LOCATION AND ACCESS | |
| Uniform Resource Identifier | <a href="https://www.publications.parliament.uk/pa/ld200304/ldbills/118/2004118.htm">https://www.publications.parliament.uk/pa/ld200304/ldbills/118/2004118.htm</a> |
| Public note | View the Housing Bill as amended on report 20 October 2004 on the UK parliament website... |
| 856 ## - ELECTRONIC LOCATION AND ACCESS | |
| Uniform Resource Identifier | <a href="https://www.publications.parliament.uk/pa/ld200304/ldbills/118/2004118.htm">https://www.publications.parliament.uk/pa/ld200304/ldbills/118/2004118.htm</a> |
| Public note | View the Housing Bill as amended on report 20 October 2004 on the UK parliament website... |
| 942 ## - ADDED ENTRY ELEMENTS (KOHA) | |
| Suppress in OPAC | 0 |
| Withdrawn status | Lost status | Source of classification or shelving scheme | Damaged status | Not for loan | Home library | Current library | Shelving location | Date acquired | Total Checkouts | Full call number | Barcode | Date last seen | Copy number | Price effective from | Koha item type |
|---|---|---|---|---|---|---|---|---|---|---|---|---|---|---|---|
| Dewey Decimal Classification | London | London | Journal article | 10/11/2004 | ABS68440 | 127934-1001 | 06/08/2019 | 1 | 06/08/2019 | Journal article |